000
00341nam a2200145Ia 4500
008
230718s9999 xx 000 0 und d
041
_a
Eng.
082
_a
345.05
_b
AND-T
100
_a
Andrews, Claire
245
4
_a
The enforcement of legation
260
_a
Pakistan
_b
Sweet and Mana
_c
1998
300
_a
309
650
_a
Law
999
_c
26490
_d
26490